Devine un joueur ayant joué dans ces 2 clubs - Statistiques

Statistiques générales
  • Ce quiz a été pris 452 fois
  • Le résultat moyen est 7 sur 9
Statistiques - réponses
Réponse % Correct
✓4
98%
✓2
89%
✓8
81%
✓6
77%
✓3
74%
✓1
73%
✓5
69%
✓7
60%
✓9
45%
Aucun quiz correspondant
Distribution des résultats
% des personnes avec chaque résultat
Percentile par nombre de réponses
Votre historique - résultats
Vous n’avez pas pris ce quiz